[Event "SWE-chT 1314"]
[Site "Sweden"]
[Date "2014.01.18"]
[Round "4.1"]
[White "Ornstein, Axel"]
[Black "Fransson, Percy"]
[Result "1-0"]
[WhiteElo "2331"]
[BlackElo "2182"]
[PlyCount "81"]
[EventDate "2013.11.22"]
[EventType "team-tourn"]
[EventRounds "9"]
[EventCountry "SWE"]
[SourceTitle "EXT 2015"]
[Source "ChessBase"]
[SourceDate "2014.11.20"]
[SourceVersion "1"]
[SourceVersionDate "2014.11.20"]
[SourceQuality "1"]
[WhiteTeam "Eksjo"]
[BlackTeam "Orgryte"]
[WhiteTeamCountry "SWE"]
[BlackTeamCountry "SWE"]

1. Nf3 Nf6 2. c4 g6 3. Nc3 Bg7 4. g3 0-0 5. Bg2 d6 6. d4 Nc6 7. 0-0 a6 8. d5 Na5 9. Nd2 c5 10. Rb1 Rb8 11. b3 b5 12. Qc2 bxc4 13. bxc4 Rxb1 14. Ncxb1 Bd7 15. Bb2 Qc7 16. Na3 Rb8 17. Rb1 Ne8 18. Bxg7 Nxg7 19. Rxb8+ Qxb8 20. Qc3 Qb6 21. Be4 Ne8 22. Nc2 Nf6 23. Bd3 Ba4 24. Ne1 Qb4 25. Qxb4 cxb4 26. Bc2 Bxc2 27. Nxc2 Nd7 28. Nxb4 Nb6 29. Nxa6 Naxc4 30. Nxc4 Nxc4 31. Nc7 Kg7 32. f4 Kf6 33. Kf2 e6 34. e4 exd5 35. Nxd5+ Ke6 36. Ke2 f5 37. Ne3 Nb6 38. exf5+ gxf5 39. Kd3 Nd7 40. Kc4 Nb8 41. Nc2 1-0

[Event "SWE Cup"]
[Site "Linkoping"]
[Date "2013.09.07"]
[Round "3.5"]
[White "Kockum, Anton Frisk"]
[Black "Fransson, Percy"]
[Result "0-1"]
[WhiteElo "2354"]
[BlackElo "2182"]
[PlyCount "134"]
[EventDate "2013.09.06"]
[EventType "team-tourn"]
[EventRounds "7"]
[EventCountry "SWE"]
[SourceTitle "CBM 156 Extra"]
[Source "ChessBase"]
[SourceDate "2013.10.22"]
[SourceVersion "1"]
[SourceVersionDate "2013.10.22"]
[SourceQuality "1"]
[WhiteTeam "Orgryte"]
[BlackTeam "Orgryte"]
[WhiteTeamCountry "SWE"]
[BlackTeamCountry "SWE"]

1. d4 Nf6 2. c4 g6 3. Nc3 Bg7 4. e4 d6 5. Be2 0-0 6. Nf3 e5 7. 0-0 Nc6 8. d5 Ne7 9. Ne1 Nd7 10. Nd3 f5 11. Bd2 Nf6 12. f3 f4 13. g4 g5 14. c5 Rf7 15. Be1 Ng6 16. cxd6 cxd6 17. Bf2 Bf8 18. h3 h5 19. Kg2 Rh7 20. Rh1 Bd7 21. a4 a6 22. a5 Be7 23. Na4 Bb5 24. Nb6 Rb8 25. Nb4 Qe8 26. Qf1 Bxe2 27. Qxe2 Nd7 28. Rac1 Bd8 29. Nc4 Qe7 30. Qd1 Bc7 31. Qb3 Nh4+ 32. Bxh4 Nc5 33. Qc2 gxh4 34. Rhf1 hxg4 35. fxg4 Rf8 36. Rf3 Bd8 37. Qe2 Rg7 38. Nd3 Nb3 39. Qf2 Nxc1 40. Nxc1 Qd7 41. b3 Rg6 42. Nd3 Qb5 43. Qa2 Kh8 44. Qa3 Rff6 45. Ne1 Qd7 46. Kh2 Rf7 47. Qb2 Rfg7 48. Qf2 Rh7 49. Rc3 Bc7 50. Nf3 Qd8 51. b4 Bb8 52. Qb2 Ba7 53. Rc2 Kg8 54. Qc1 Rc7 55. Nb2 Rgg7 56. Nc4 Rc8 57. Nfd2 Rgc7 58. Qf1 Be3 59. Nxe3 Rxc2 60. Nxc2 Rxc2 61. Qd3 Qc7 62. Kg1 Rc3 63. Qe2 Rg3+ 64. Kf2 Qc3 65. Nf1 Rxh3 66. g5 Qd4+ 67. Kg2 f3+ 0-1

[Event "SWE-chT 1213"]
[Site "Sweden"]
[Date "2012.10.06"]
[Round "2"]
[White "Lokander, Martin"]
[Black "Fransson, Percy"]
[Result "1-0"]
[WhiteElo "2306"]
[BlackElo "2218"]
[PlyCount "115"]
[EventDate "2012.10.05"]
[EventType "team-tourn"]
[EventRounds "9"]
[EventCountry "SWE"]
[SourceTitle "EXT 2014"]
[Source "ChessBase"]
[SourceDate "2013.11.20"]
[SourceVersion "1"]
[SourceVersionDate "2013.11.20"]
[SourceQuality "1"]
[WhiteTeam "Stockholm Rockaden"]
[BlackTeam "Orgryte"]
[WhiteTeamCountry "SWE"]
[BlackTeamCountry "SWE"]

1. d4 Nf6 2. c4 g6 3. Nc3 Bg7 4. Nf3 0-0 5. Bg5 d6 6. e3 h6 7. Bh4 c5 8. d5 Qa5 9. Nd2 a6 10. a4 Nbd7 11. Be2 Rb8 12. 0-0 Qc7 13. Qc2 Ne5 14. h3 g5 15. Bg3 g4 16. f4 gxf3 17. Nxf3 Ne8 18. Nh4 Bd7 19. Ra3 Bf6 20. Nf5 Bxf5 21. Qxf5 Ng7 22. Qc2 Bg5 23. Bf4 f5 24. g3 Qd7 25. Kh2 Rbe8 26. Raa1 Ng6 27. Rad1 Nxf4 28. exf4 Bf6 29. Bf3 Kh8 30. g4 Rg8 31. Ne2 Ref8 32. Rg1 b5 33. axb5 axb5 34. h4 Bxh4 35. g5 Ne8 36. Qc3+ Kh7 37. Bh5 Ng7 38. Bf7 hxg5 39. Bxg8+ Kxg8 40. Qh3 Kf7 41. fxg5 Rh8 42. Kg2 e5 43. dxe6+ Qxe6 44. Qf3 Bxg5 45. cxb5 Rh4 46. Ng3 Be3 47. Rh1 Rg4 48. Rh3 f4 49. Kh1 Rg6 50. Nh5 Nf5 51. Nxf4 Bxf4 52. Qxf4 Kg7 53. Rg1 Rxg1+ 54. Kxg1 Qe1+ 55. Qf1 Qe5 56. Qf2 d5 57. Rh5 Kg6 58. Qxf5+ 1-0

[Event "IECG Q1.1999.0.00079"]
[Site "IECG email"]
[Date "1999.??.??"]
[Round "?"]
[White "Billen, Hans Juergen"]
[Black "Fransson, Percy"]
[Result "1/2-1/2"]
[WhiteElo "1964"]
[BlackElo "2185"]
[PlyCount "70"]
[EventDate "1999.05.29"]
[EventType "tourn (corr)"]
[EventRounds "6"]
[SourceTitle "Corr 2008"]
[Source "ChessBase"]
[SourceDate "2008.06.24"]
[SourceVersion "1"]
[SourceVersionDate "2008.06.24"]
[SourceQuality "1"]

1. d4 f5 2. g3 Nf6 3. Bg2 g6 4. Nf3 Bg7 5. 0-0 0-0 6. c4 d6 7. Nc3 Qe8 8. d5 Na6 9. Rb1 Nc5 10. Nd4 a5 11. Nb3 Nxb3 12. Qxb3 c5 13. Bg5 Nh5 14. Nb5 Rb8 15. Qe3 Nf6 16. h3 Bd7 17. Nc7 Qc8 18. Ne6 Bxe6 19. dxe6 b5 20. cxb5 Rxb5 21. b3 Qa6 22. Rfd1 Rfb8 23. Qd3 Qb6 24. Rbc1 Rb4 25. Bxf6 Bxf6 26. e4 Rd4 27. Qc2 fxe4 28. Bxe4 Kg7 29. Bd5 Qb4 30. Rb1 Rf8 31. Kh2 Rxd1 32. Rxd1 Bd4 33. f4 g5 34. f5 Be5 35. Be4 Bf6 1/2-1/2